Normal view
MARC view
Entry Personal Name
001 - CONTROL NUMBER
- control field: 70380
003 - CONTROL NUMBER IDENTIFIER
- control field: OSt
005 - DATE AND TIME OF LATEST TRANSACTION
- control field: 20180216130407.0
008 - FIXED-LENGTH DATA ELEMENTS
- fixed length control field: 180216|| aca||aabn | a|a d
040 ## - CATALOGING SOURCE
- Original cataloging agency: OSt
- Transcribing agency: OSt
100 ## - HEADING--PERSONAL NAME
- Personal name: शैलेश्ा ,डॉ दिनेश चमोला
670 ## - SOURCE DATA FOUND
- Source citation: Work cat.: (OSt)48776: शैलेश्ा ,डॉ दिनेश चमोला , कान्हा की बांसुरी , 2008









